000 00358nam a2200169Ia 4500
100 _aSue Atkinson
650 _aPhilosophy
942 _cBK
366 _f25
654 _aself esteem
245 _aBuilding Self Esteem
260 _bBetter Yourself Books
_aBandra
_c1993
082 _a170/SUE
_bSUE
300 _a245
546 _aENGLISH
999 _c34967
_d34967